000
00300nam a22001337a 4500
008
181121b xxu||||| |||| 00| 0 eng d
020
_a
9781617316180
041
_a
eng
080
_a
575
100
_a
6
101
_a
BIO
245
_a
General Organic Biochemistry
_c
William.G.O
942
_2
udc
_c
BK
999
_c
52281
_d
52281